| 000 | 00468nam a2200169Ia 4500 | ||
|---|---|---|---|
| 008 | 220531s9999 xx 000 0 und d | ||
| 041 | _aeng | ||
| 100 |
_aमालुंजकर, मच्छिंद्र संपा _985913 |
||
| 245 | _aअभंग पोर्णिमा | ||
| 250 | _a1 st | ||
| 260 |
_aPune _bDastane _c2011 |
||
| 300 | _a424 | ||
| 542 | _d13-04-2022 | ||
| 650 |
_aGeneral _985914 |
||
| 906 |
_d2022-2023 _f20537 |
||
| 999 |
_c47201 _d47201 |
||